000 00350nam a2200133Ia 4500
008 240624s9999 xx 000 0 und d
041 _aeng
082 _a658.421 OAT
100 _aOATES DAVID
245 _aGUIDE TO ENTREPRENEURSHIP INCLUDES CASE
260 _c2007
_aMumbai
_bJaico Publishing House
300 _a169 : p. : cm. ; 23
365 _cRS
_b30
999 _c8244
_d8244